The Business of travel : agency operations and administration

Bibliographic Details
Main Author: Foster, Dennis L
Format: Book
Published: Illinois : McGraw-Hill , 1991
Series:Hospitality Professional Series
Subjects:

MARC

LEADER 00000cam a2200000 7i4500
001 0000002325
002 000002532
005 20090428.0
020 |a 0071133062 
090 0 0 |a 338.479102373   |b FOS 
100 1 |a Foster, Dennis L 
245 1 4 |a The Business of travel :   |b agency operations and administration   |c Dennis L.Foster 
260 |a Illinois :   |b McGraw-Hill ,   |c 1991 
300 |a 192p. ;   |c 26cm. 
490 0 |a Hospitality Professional Series 
650 0 0 |a Travel agents   |x Vocational guidance 
999 |a 035513   |b BUKU   |c PINJAMAN   |e PERPUSTAKAAN KOMUNITI PETALING JAYA 
999 |a 035514   |b BUKU   |c PINJAMAN   |e PERPUSTAKAAN KOMUNITI PETALING JAYA